| 000 | 00742nam a2200253 i 4500 | ||
|---|---|---|---|
| 001 | 114907 | ||
| 003 | ES-MaACL | ||
| 005 | 20250511122602.0 | ||
| 007 | t| | ||
| 008 | 070209s1949 sp ||||1| spa d | ||
| 080 | _a86(Calderón de la Barca) | ||
| 245 | 1 | 0 |
_aCalderón de la Barca / _cEugenio Frutos Cortés. |
| 260 |
_aBarcelona : _bLabor, _c1949. |
||
| 300 |
_a265 p. : _bil. ; _c18 cm. |
||
| 490 | 1 |
_aClásicos Labor ; _v9 |
|
| 600 | 1 | 4 |
_aCalderón de la Barca, Pedro, _d1600-1681 _9239594 |
| 650 | 1 | 4 |
_a _9239558 |
| 650 | 1 | 4 |
_a _9239558 |
| 700 | 1 |
_aFrutos Cortés, Eugenio, _d1903-1979 _952776 |
|
| 830 | 0 |
_aClásicos Labor ; _v9 _9185822 |
|
| 852 |
_aES-MaACL _jE-3903 |
||
| 942 | _2udc | ||
| 999 |
_c114907 _d114907 |
||